Crc handbook of lie group analysis of differential equations : (Record no. 28758)

000 -LEADER
fixed length control field 01414 a2200397 4500
020 ## - INTERNATIONAL STANDARD BOOK NUMBER
International Standard Book Number 0849394198
020 ## - INTERNATIONAL STANDARD BOOK NUMBER
International Standard Book Number 9780849394195
082 04 - DEWEY DECIMAL CLASSIFICATION NUMBER
Classification number 515.35
090 ## - LOCALLY ASSIGNED LC-TYPE CALL NUMBER (OCLC); LOCAL CALL NUMBER (RLIN)
-- 119
-- 119
100 1# - MAIN ENTRY--PERSONAL NAME
Personal name Ibragimov, Nail H.
245 10 - TITLE STATEMENT
Title Crc handbook of lie group analysis of differential equations :
Remainder of title .
Number of part/section of a work Volume 3 /
Statement of responsibility, etc. Nail H. Ibragimov.
250 ## - EDITION STATEMENT
Edition statement 1st ed.
260 ## - PUBLICATION, DISTRIBUTION, ETC.
Place of publication, distribution, etc. [S.l.] :
Name of publisher, distributor, etc. CRC-Press,
Date of publication, distribution, etc. 1995.
300 ## - PHYSICAL DESCRIPTION
Extent 560 p. ;
Dimensions 24 cm.
500 ## - GENERAL NOTE
General note Hardcover.
650 #4 - SUBJECT ADDED ENTRY--TOPICAL TERM
Topical term or geographic name entry element Science/Mathematics.
650 #4 - SUBJECT ADDED ENTRY--TOPICAL TERM
Topical term or geographic name entry element Computer Mathematics.
650 #4 - SUBJECT ADDED ENTRY--TOPICAL TERM
Topical term or geographic name entry element Lie Groups.
650 #4 - SUBJECT ADDED ENTRY--TOPICAL TERM
Topical term or geographic name entry element Algebra.
650 #4 - SUBJECT ADDED ENTRY--TOPICAL TERM
Topical term or geographic name entry element Applied mathematics.
650 #4 - SUBJECT ADDED ENTRY--TOPICAL TERM
Topical term or geographic name entry element Differential calculus & equations.
650 #4 - SUBJECT ADDED ENTRY--TOPICAL TERM
Topical term or geographic name entry element Groups & group theory.
650 #4 - SUBJECT ADDED ENTRY--TOPICAL TERM
Topical term or geographic name entry element Mathematical theory of computation.
650 #4 - SUBJECT ADDED ENTRY--TOPICAL TERM
Topical term or geographic name entry element Mathematics.
650 #4 - SUBJECT ADDED ENTRY--TOPICAL TERM
Topical term or geographic name entry element Numerical solutions.
650 #4 - SUBJECT ADDED ENTRY--TOPICAL TERM
Topical term or geographic name entry element Algebra - General.
650 #4 - SUBJECT ADDED ENTRY--TOPICAL TERM
Topical term or geographic name entry element Applied.
650 #4 - SUBJECT ADDED ENTRY--TOPICAL TERM
Topical term or geographic name entry element Differential Equations.
650 #4 - SUBJECT ADDED ENTRY--TOPICAL TERM
Topical term or geographic name entry element MATHEMATICS / Applied.
650 #4 - SUBJECT ADDED ENTRY--TOPICAL TERM
Topical term or geographic name entry element MATHEMATICS / Differential Equations.
650 #4 - SUBJECT ADDED ENTRY--TOPICAL TERM
Topical term or geographic name entry element Mathematics / Algebra / General.
650 #4 - SUBJECT ADDED ENTRY--TOPICAL TERM
Topical term or geographic name entry element Mathematics / Group Theory.
942 ## - ADDED ENTRY ELEMENTS (KOHA)
Institution code [OBSOLETE] SNS
Koha item type Book
Call number prefix 515.35 IBR
Holdings
Withdrawn status Lost status Damaged status Not for loan Permanent Location Current Location Date acquired Total Checkouts Full call number Barcode Checked out Date last seen Date last checked out Price effective from Koha item type Total Renewals
        School of Natural Sciences (SNS) School of Natural Sciences (SNS) 05/26/2016 2 515.35 IBR SNS0000009 08/07/2025 07/08/2025 07/08/2025 05/26/2016 Book  
        School of Natural Sciences (SNS) School of Natural Sciences (SNS) 05/26/2016 2 515.35 IBR SNS0000010   08/29/2019 09/16/2018 05/26/2016 Book 1
© 2023 Central Library, National University of Sciences and Technology. All Rights Reserved.